Library of the University of Algiers 3
Ibrahim Sultan Cheibout
شعار جامعة الجزائر 3
مكتبة جامعة الجزائر 3
إبراهيم سلطان شيبوط

الجوانب الموضوعية والإجرائية لجرائم المعلوماتية على ضوء اتفاقية بودابست الموقعية في 23 نوفمبر 2001 / (رقم التسجيلة. 45445)

تفاصيل مارك
000 -LEADER
fixed length control field 01063nam a2200241Ia 4500
003 - CONTROL NUMBER IDENTIFIER
control field Ost
005 - DATE AND TIME OF LATEST TRANSACTION
control field 20260507075643.0
008 - FIXED-LENGTH DATA ELEMENTS--GENERAL INFORMATION
fixed length control field 260507s9999||||xx |||||||||||||| ||und||
020 ## - INTERNATIONAL STANDARD BOOK NUMBER
International Standard Book Number 7406404977
040 ## - CATALOGING SOURCE
Transcribing agency fsecg
041 ## - LANGUAGE CODE
Language code of text/sound track or separate title ara
082 ## - DEWEY DECIMAL CLASSIFICATION NUMBER
Classification number 345.03
100 ## - MAIN ENTRY--PERSONAL NAME
Personal name أحمد، هلالي عبد الله
Relator term مؤلف
245 #0 - TITLE STATEMENT
Title الجوانب الموضوعية والإجرائية لجرائم المعلوماتية على ضوء اتفاقية بودابست الموقعية في 23 نوفمبر 2001 /
Statement of responsibility, etc. هلالي عبد الله أحمد
260 ## - PUBLICATION, DISTRIBUTION, ETC.
Place of publication, distribution, etc. القاهرة:
Name of publisher, distributor, etc. دار النهضة العربية,
Date of publication, distribution, etc. 2003
300 ## - PHYSICAL DESCRIPTION
Extent 319 صفحة؛
Other physical details إيضاحات ؛
Dimensions 25 سم
504 ## - BIBLIOGRAPHY, ETC. NOTE
Bibliography, etc. note مراجع ص.310
520 ## - SUMMARY, ETC.
Summary, etc. التعريف بمصطلحات البحث، الجوانب الموضوعية لجرائم المعلوماتية، الجوانب الإجرائية لجرائم المعلوماتية
653 ## - INDEX TERM--UNCONTROLLED
Uncontrolled term الجرائم
653 ## - INDEX TERM--UNCONTROLLED
Uncontrolled term الجرائم المعلوماتية
653 ## - INDEX TERM--UNCONTROLLED
Uncontrolled term المعلومات
942 ## - ADDED ENTRY ELEMENTS (KOHA)
Koha item type كتب
المقتنيات
Withdrawn status Lost status Source of classification or shelving scheme Damaged status Not for loan Home library Current library Date acquired Serial enumeration / chronology Inventory number Total checkouts Full call number Barcode Date last seen Price effective from Koha item type
    Dewey Decimal Classification   NOT LOAN / إعارة داخلية مكتبة كلية العلوم الإقتصادية والعلوم التجارية وعلوم التسيير مكتبة كلية العلوم الإقتصادية والعلوم التجارية وعلوم التسيير 07/05/2026 الطابق الأرضي 962/1   أ/962ن1 962/1 07/05/2026 07/05/2026 كتب
    Dewey Decimal Classification   Available مكتبة كلية العلوم الإقتصادية والعلوم التجارية وعلوم التسيير مكتبة كلية العلوم الإقتصادية والعلوم التجارية وعلوم التسيير 07/05/2026 الطابق الأرضي 962/2   أ/962ن2 962/2 07/05/2026 07/05/2026 كتب
    Dewey Decimal Classification   Available مكتبة كلية العلوم الإقتصادية والعلوم التجارية وعلوم التسيير مكتبة كلية العلوم الإقتصادية والعلوم التجارية وعلوم التسيير 07/05/2026 الطابق الأرضي 962/3   أ/962ن3 962/3 07/05/2026 07/05/2026 كتب
    Dewey Decimal Classification   Available مكتبة كلية العلوم الإقتصادية والعلوم التجارية وعلوم التسيير مكتبة كلية العلوم الإقتصادية والعلوم التجارية وعلوم التسيير 07/05/2026 الطابق الثاني 962/4   أ/962ن4 962/4 07/05/2026 07/05/2026 كتب
    Dewey Decimal Classification   Available مكتبة كلية العلوم الإقتصادية والعلوم التجارية وعلوم التسيير مكتبة كلية العلوم الإقتصادية والعلوم التجارية وعلوم التسيير 07/05/2026 الطابق الثاني 962/5   أ/962ن5 962/5 07/05/2026 07/05/2026 كتب

موارد الويب المفتوحة


© University of Algiers 3 All Rights Reserved
|
Implemented by LECHELAH Riad